[Event "Bijnor op"]
[Site "Bijnor"]
[Date "2024.03.19"]
[Round "6"]
[White "Ishan, Ghosh"]
[Black "Vrashank, Chouhan"]
[Result "1/2-1/2"]
[WhiteElo "1768"]
[BlackElo "2330"]
[PlyCount "110"]
[EventDate "2024.03.17"]
[EventType "swiss"]
[EventRounds "9"]
[EventCountry "IND"]
[SourceTitle "CB13_2024"]
[SourceDate "2024.03.27"]
[SourceVersion "1"]
[SourceVersionDate "2024.03.27"]
[SourceQuality "1"]

1. d4 d5 2. c4 c6 3. cxd5 cxd5 4. Nc3 Nf6 5. Bf4 Nc6 6. e3 a6 7. Bd3 Bg4 8. Nf3 e6 9. h3 Bh5 10. 0-0 Be7 11. Rc1 0-0 12. Be2 Rc8 13. Ne1 Bg6 14. Nd3 Nd7 15. Na4 Na5 16. Ndc5 e5 17. Bh2 exd4 18. exd4 b5 19. Nxd7 Rxc1 20. Qxc1 Qxd7 21. Nc5 Qa7 22. Bf3 Nc6 23. Nb3 Qd7 24. Qf4 Bf6 25. Rc1 Re8 26. Bg3 Nb4 27. Nc5 Qd8 28. Qd2 Bg5 29. Bf4 Bxf4 30. Qxf4 Nxa2 31. Ra1 Nb4 32. Qd2 a5 33. Nb7 Qb6 34. Nxa5 Nd3 35. Nb3 Qf6 36. Bxd5 Nf4 37. Ra8 Rxa8 38. Bxa8 Bd3 39. Qe3 g6 40. Kh2 Bc4 41. Nc5 Ne2 42. d5 Bxd5 43. Bxd5 Qd6+ 44. g3 Qxd5 45. Ne4 Qd1 46. Kg2 Nd4 47. Ng5 Ne6 48. Nxe6 Qd5+ 49. Kg1 fxe6 50. h4 e5 51. Qc3 Kg7 52. Qc7+ Kg8 53. Qe7 Qd1+ 54. Kg2 Qd5+ 55. Kg1 Qd1+ 1/2-1/2

[Event "Bijnor op"]
[Site "Bijnor"]
[Date "2024.03.17"]
[Round "2"]
[White "Arora, Bhavya2"]
[Black "Vrashank, Chouhan"]
[Result "0-1"]
[WhiteElo "1593"]
[BlackElo "2330"]
[PlyCount "90"]
[EventDate "2024.03.17"]
[EventType "swiss"]
[EventRounds "9"]
[EventCountry "IND"]
[SourceTitle "CB13_2024"]
[SourceDate "2024.03.27"]
[SourceVersion "1"]
[SourceVersionDate "2024.03.27"]
[SourceQuality "1"]

1. d4 d5 2. Bf4 Nf6 3. e3 c5 4. c3 Nc6 5. Nd2 e6 6. Ngf3 cxd4 7. exd4 Nh5 8. Be3 Bd6 9. Ne5 Nf6 10. f4 Qb6 11. Qc2 Nxe5 12. fxe5 Bxe5 13. Nf3 Bd6 14. Qd2 Ne4 15. Qc1 Bd7 16. a4 Qb3 17. a5 Bb5 18. Nd2 Nxd2 19. Qxd2 Bxf1 20. Rxf1 0-0 21. Rf3 Rac8 22. Rh3 f5 23. Kf1 Rc4 24. Kg1 Ra4 25. Rc1 Ra2 26. Rb1 Ba3 27. Qe2 Rxb2 28. Rxb2 Qxb2 29. Bd2 Rf6 30. Re3 Kf7 31. Qh5+ Rg6 32. Qe2 Qb1+ 33. Be1 Bc1 34. Rd3 Rg4 35. Qf1 Qc2 36. Rf3 Kg8 37. h3 Re4 38. Rf2 Be3 39. Qb5 Bxf2+ 40. Bxf2 h6 41. Qxb7 Re2 42. Qb8+ Kh7 43. Qg3 Qd1+ 44. Kh2 Qf1 45. Be3 Qe1 0-1

[Event "Tamil Nadu IM 17th"]
[Site "Karaikudi"]
[Date "2024.02.10"]
[Round "7"]
[White "Hemanth, Raam"]
[Black "Vrashank, Chouhan"]
[Result "0-1"]
[WhiteElo "2268"]
[BlackElo "2176"]
[PlyCount "92"]
[EventDate "2024.02.06"]
[EventType "tourn"]
[EventRounds "9"]
[EventCountry "IND"]
[SourceTitle "CB07_2024"]
[SourceDate "2024.02.14"]
[SourceVersion "1"]
[SourceVersionDate "2024.02.14"]
[SourceQuality "1"]

1. e4 e6 2. d4 d5 3. Nc3 Bb4 4. e5 c5 5. Bd2 Ne7 6. Nb5 Bxd2+ 7. Qxd2 0-0 8. dxc5 Nbc6 9. f4 b6 10. cxb6 Qxb6 11. c3 Rb8 12. Rb1 f6 13. exf6 Rxf6 14. Nf3 Ng6 15. f5 Rxf5 16. Bd3 Rxf3 17. gxf3 Nce5 18. Nd4 Nxd3+ 19. Qxd3 Nf4 20. Qd2 e5 21. Ne2 Qg6 22. Rd1 Qg2 23. Nxf4 Qxh1+ 24. Kf2 Qxh2+ 25. Ng2 Be6 26. b3 Rf8 27. Qg5 h6 28. Qg3 Qh5 29. Rg1 g5 30. Ke3 Kh7 31. Ne1 Rf5 32. Nd3 e4 33. fxe4 dxe4 34. Kxe4 Rf3 35. Qc7+ Rf7 36. Qg3 Qe2+ 37. Kd4 Rd7+ 38. Kc5 Rxd3 39. Qc7+ Rd7 40. Qg3 Rd5+ 41. Kb4 Qb5+ 42. Ka3 Qa5+ 43. Kb2 Rd2+ 44. Kc1 Qxa2 45. Qc7+ Kg6 46. Re1 Qc2# 0-1

[Event "Bhubaneswar SOA op 1st"]
[Site "Bhubaneswar"]
[Date "2024.01.30"]
[Round "3"]
[White "Subhayan, Kundu"]
[Black "Vrashank, Chouhan"]
[Result "1-0"]
[WhiteElo "2385"]
[BlackElo "2046"]
[PlyCount "125"]
[EventDate "2024.01.28"]
[EventType "swiss"]
[EventRounds "10"]
[EventCountry "IND"]
[SourceTitle "CB06_2024"]
[SourceDate "2024.02.07"]
[SourceVersion "1"]
[SourceVersionDate "2024.02.07"]
[SourceQuality "1"]

1. e4 e6 2. d4 d5 3. Nc3 Bb4 4. e5 c5 5. Bd2 Nc6 6. Nb5 Bxd2+ 7. Qxd2 Nge7 8. f4 0-0 9. dxc5 b6 10. cxb6 Qxb6 11. c3 Rb8 12. b3 f6 13. exf6 Rxf6 14. Nf3 Ng6 15. g3 e5 16. 0-0-0 exf4 17. Qxd5+ Be6 18. Qe4 Bf5 19. Qd5+ Kh8 20. Nbd4 Nce7 21. Qb5 Qc7 22. Qc4 Qa5 23. Kb2 Be4 24. Qe2 Ba8 25. gxf4 Nd5 26. Qd2 Ngxf4 27. Rg1 Nb6 28. Ka1 Nbd5 29. Kb2 Nb6 30. Ka1 Nbd5 31. Kb2 Nb6 32. Ka1 Nbd5 33. Kb2 Nb6 34. Ka1 Nbd5 35. c4 Nb4 36. Rg5 Qa3 37. Nb5 Qxa2+ 38. Qxa2 Nxa2 39. Kxa2 Bxf3 40. Rd7 Ne6 41. Re5 a6 42. Nd6 Nf8 43. Nb5 Ne6 44. Nd6 Nf8 45. Rf7 Rxd6 46. Rxf3 Nd7 47. Rf7 Nf8 48. Rf3 Nd7 49. Re7 Nc5 50. b4 Ne6 51. Rd3 Rxd3 52. Bxd3 Nf4 53. Be4 Kg8 54. Ka3 Rc8 55. Kb3 Rd8 56. c5 Kf8 57. Ra7 Re8 58. Ra8 Rxa8 59. Bxa8 g5 60. Ka4 h5 61. Ka5 Nd3 62. Be4 Nf2 63. Bf5 1-0

[Event "Bangalore op 1st"]
[Site "Bangalore"]
[Date "2024.01.26"]
[Round "10"]
[White "Vrashank, Chouhan"]
[Black "Teterev, Vitaly"]
[Result "1-0"]
[WhiteElo "2046"]
[BlackElo "2288"]
[PlyCount "49"]
[EventDate "2024.01.18"]
[EventType "swiss"]
[EventRounds "10"]
[EventCountry "IND"]
[SourceTitle "CB05_2024"]
[SourceDate "2024.01.31"]
[SourceVersion "1"]
[SourceVersionDate "2024.01.31"]
[SourceQuality "1"]

1. d4 Nf6 2. c4 d6 3. Nc3 e5 4. Nf3 Nbd7 5. g3 g6 6. Bg2 Bg7 7. 0-0 0-0 8. e4 c6 9. Re1 Qb6 10. h3 Qb4 11. Bf1 a5 12. Na4 d5 13. c5 b5 14. a3 Qxe1 15. Nxe1 bxa4 16. Qxa4 Bb7 17. exd5 Nxd5 18. Bg2 Nb8 19. dxe5 Bxe5 20. Bh6 Rd8 21. Nd3 Bf6 22. Re1 Na6 23. Qb3 Bc8 24. Bxd5 cxd5 25. Qb6 1-0

[Event "Bangalore op 1st"]
[Site "Bangalore"]
[Date "2024.01.18"]
[Round "1"]
[White "Viani, Antonio Dcunha"]
[Black "Vrashank, Chouhan"]
[Result "1-0"]
[WhiteElo "2407"]
[BlackElo "2046"]
[PlyCount "113"]
[EventDate "2024.01.18"]
[EventType "swiss"]
[EventRounds "10"]
[EventCountry "IND"]
[SourceTitle "CB05_2024"]
[SourceDate "2024.01.31"]
[SourceVersion "1"]
[SourceVersionDate "2024.01.31"]
[SourceQuality "1"]

1. e4 e6 2. d4 d5 3. Nd2 c5 4. exd5 Qxd5 5. Ngf3 cxd4 6. Bc4 Qd6 7. 0-0 Nf6 8. Qe2 Nc6 9. Rd1 Be7 10. Bb5 Bd7 11. Nb3 0-0 12. Nbxd4 Qc7 13. Bxc6 Bxc6 14. Ne5 Be4 15. Bf4 Qb6 16. Bg5 Bg6 17. Bxf6 Bxf6 18. Nd7 Qxb2 19. Nxf8 Rxf8 20. Qc4 Qa3 21. c3 a6 22. Qb3 Qxb3 23. axb3 Rc8 24. Ne2 Bc2 25. Rd7 Bxb3 26. Rxb7 Bc4 27. Ng3 h6 28. Ne4 Be5 29. Re1 Bd5 30. Ra7 f5 31. Ng3 Bxc3 32. Rc1 Rc6 33. Ne2 Be5 34. Rxc6 Bxc6 35. Rxa6 Bd5 36. g3 Kf7 37. Ra3 g5 38. Nc3 Bxc3 39. Rxc3 Kf6 40. Kf1 g4 41. Ke2 Be4 42. Ke3 e5 43. Rc8 Kg5 44. Rb8 Bg2 45. Rb5 Kf6 46. Rb6+ Kg5 47. Re6 f4+ 48. Kd2 fxg3 49. hxg3 e4 50. Ke3 Bf3 51. Re5+ Kg6 52. Kf4 Kf6 53. Ra5 Kg7 54. Kf5 Kf7 55. Ra7+ Ke8 56. Kg6 Kd8 57. Kxh6 1-0

[Event "Wch U18"]
[Site "Montesilvano"]
[Date "2023.11.24"]
[Round "11"]
[White "Elmi, Saad Abobaker"]
[Black "Vrashank, Chouhan"]
[Result "1-0"]
[WhiteElo "2321"]
[BlackElo "1898"]
[PlyCount "25"]
[EventDate "2023.11.13"]
[EventType "swiss"]
[EventRounds "11"]
[EventCountry "ITA"]
[SourceTitle "CB48_2023"]
[SourceDate "2023.11.29"]
[SourceVersion "1"]
[SourceVersionDate "2023.11.29"]
[SourceQuality "1"]

1. e4 e6 2. d4 d5 3. Nd2 c5 4. Ngf3 cxd4 5. Nxd4 Nc6 6. Bb5 Bd7 7. Nxc6 Bxc6 8. Bxc6+ bxc6 9. 0-0 Nf6 10. Qe2 Be7 11. c4 0-0 12. b3 a5 13. Bb2 1-0

[Event "IND-ch U19"]
[Site "Ahmedabad"]
[Date "2023.09.25"]
[Round "8"]
[White "Sureka, Akshat"]
[Black "Vrashank, Chouhan"]
[Result "1-0"]
[WhiteElo "1730"]
[BlackElo "1985"]
[PlyCount "75"]
[EventDate "2023.09.20"]
[EventType "swiss"]
[EventRounds "11"]
[EventCountry "IND"]
[SourceTitle "EXT 2024"]
[Source "ChessBase"]
[SourceDate "2023.10.10"]
[SourceVersion "1"]
[SourceVersionDate "2023.10.10"]
[SourceQuality "1"]

1. Nf3 d5 2. b3 Nf6 3. Bb2 c5 4. g3 Nc6 5. Bg2 Qc7 6. 0-0 e5 7. d3 Be7 8. c4 d4 9. e3 0-0 10. exd4 cxd4 11. Ba3 Re8 12. Bxe7 Rxe7 13. a3 a5 14. Nbd2 Nd7 15. Nh4 Nc5 16. Ne4 Nxe4 17. dxe4 Be6 18. Qd3 Rae8 19. f4 f6 20. f5 Bf7 21. Rfc1 Qb6 22. Bf1 Rc7 23. Nf3 Rec8 24. Nd2 Qc5 25. Rcb1 Qd6 26. b4 b6 27. c5 bxc5 28. b5 Nb8 29. Nc4 Bxc4 30. Qxc4+ Kh8 31. b6 Rb7 32. Rb5 Nd7 33. Rab1 Ra8 34. Qe6 Qxe6 35. fxe6 Nf8 36. Bc4 Re7 37. b7 Rb8 38. Rxc5 1-0

[Event "IND-ch U19"]
[Site "Ahmedabad"]
[Date "2023.09.24"]
[Round "7"]
[White "Vrashank, Chouhan"]
[Black "Vishal Choudary, B."]
[Result "1-0"]
[WhiteElo "1985"]
[BlackElo "1822"]
[PlyCount "115"]
[EventDate "2023.09.20"]
[EventType "swiss"]
[EventRounds "11"]
[EventCountry "IND"]
[SourceTitle "EXT 2024"]
[Source "ChessBase"]
[SourceDate "2023.10.10"]
[SourceVersion "1"]
[SourceVersionDate "2023.10.10"]
[SourceQuality "1"]

1. d4 d5 2. Bf4 Nf6 3. e3 c5 4. Nf3 Nc6 5. Nbd2 e6 6. c3 Nh5 7. Bg5 Qb6 8. Rb1 h6 9. Bh4 g5 10. Ne5 Nxe5 11. Qxh5 Ng6 12. Bg3 cxd4 13. cxd4 e5 14. Bd3 e4 15. Be2 Bb4 16. Rd1 Qa5 17. a3 Bxd2+ 18. Rxd2 Bd7 19. f3 Rc8 20. fxe4 Rc1+ 21. Bd1 dxe4 22. Bd6 Qd5 23. Bb4 Bb5 24. Rc2 Rxc2 25. Bxc2 b6 26. Qd1 a5 27. Bc3 Ke7 28. Bb3 Qd6 29. g3 h5 30. Bxf7 Kxf7 31. Qb3+ Kg7 32. Qxb5 Kh6 33. Rf1 h4 34. Qf5 Rf8 35. Qg4 Rxf1+ 36. Kxf1 Qd5 37. Kg2 hxg3 38. hxg3 Ne7 39. Qh3+ Kg6 40. g4 Ng8 41. Qh5+ Kg7 42. Qh2 Kg6 43. Qe5 Qxe5 44. dxe5 Kf7 45. a4 Ne7 46. Bd4 Nd5 47. Kf2 Ke6 48. Ke2 Kd7 49. Kd2 Kc6 50. Kc2 Nc7 51. Kb3 b5 52. Bc3 b4 53. Bd4 Ne6 54. Kc4 Nd8 55. Bc5 Ne6 56. Be7 Kd7 57. Bf6 Kc6 58. b3 1-0

[Event "IND-ch U19"]
[Site "Ahmedabad"]
[Date "2023.09.23"]
[Round "5"]
[White "Vrashank, Chouhan"]
[Black "Mithiran, A."]
[Result "1-0"]
[WhiteElo "1985"]
[BlackElo "1727"]
[PlyCount "53"]
[EventDate "2023.09.20"]
[EventType "swiss"]
[EventRounds "11"]
[EventCountry "IND"]
[SourceTitle "EXT 2024"]
[Source "ChessBase"]
[SourceDate "2023.10.10"]
[SourceVersion "1"]
[SourceVersionDate "2023.10.10"]
[SourceQuality "1"]

1. d4 Nf6 2. Bf4 d5 3. e3 c5 4. Nf3 Nc6 5. Nbd2 Qb6 6. dxc5 Qxb2 7. Rb1 Qc3 8. Bb5 g6 9. e4 dxe4 10. Be5 Qa5 11. 0-0 exf3 12. Nc4 Qd8 13. Bxc6+ bxc6 14. Qxf3 Bg4 15. Qxc6+ Bd7 16. Qb7 Qc8 17. Nd6+ exd6 18. Bxf6 Qxb7 19. Rxb7 Rg8 20. Rd1 Bg7 21. Re1+ Be6 22. Bxg7 0-0-0 23. c6 Rde8 24. Bc3 Bd5 25. Reb1 Bxa2 26. R1b2 Bd5 27. Ba5 1-0

[Event "Asia-ch Blitz U20"]
[Site "Jamshedpur"]
[Date "2023.09.15"]
[Round "1"]
[White "Vrashank, Chouhan"]
[Black "Vikramaditya, Abhijit Chavan"]
[Result "0-1"]
[WhiteElo "2007"]
[BlackElo "1388"]
[PlyCount "132"]
[EventDate "2023.09.15"]
[EventType "swiss (blitz)"]
[EventRounds "9"]
[EventCountry "IND"]
[SourceTitle "EXT 2024"]
[Source "ChessBase"]
[SourceDate "2023.10.10"]
[SourceVersion "1"]
[SourceVersionDate "2023.10.10"]
[SourceQuality "1"]

1. d4 d5 2. Bf4 Bf5 3. e3 e6 4. Nf3 Bd6 5. Bg3 Nf6 6. Bd3 Bxd3 7. cxd3 c6 8. Nc3 Bxg3 9. hxg3 Nbd7 10. e4 dxe4 11. dxe4 c5 12. e5 Nd5 13. Nxd5 exd5 14. 0-0 c4 15. Re1 0-0 16. Qc2 b5 17. Re2 b4 18. Rae1 Re8 19. e6 fxe6 20. Rxe6 Rxe6 21. Rxe6 Nf8 22. Re3 Qd7 23. Ne5 Qd6 24. Qf5 Qf6 25. Qg4 Qe6 26. Qf3 Rd8 27. Nxc4 Qf6 28. Qxf6 gxf6 29. Na5 Rb8 30. Nb3 Kf7 31. Nc5 Rb5 32. g4 h6 33. f4 a5 34. g3 Rb8 35. f5 Rb5 36. Kf2 Rb8 37. Kf3 Nh7 38. Kg2 Ng5 39. Re1 Rb5 40. Rh1 Kg7 41. Ne6+ Nxe6 42. fxe6 Rb6 43. Re1 Kf8 44. e7+ Ke8 45. Rh1 Kxe7 46. Rxh6 Rc6 47. Rh7+ Ke6 48. Kf3 Rc2 49. Ra7 Rxb2 50. Rxa5 b3 51. Ra6+ Ke7 52. axb3 Rxb3+ 53. Kf4 Rb4 54. Kf5 Rxd4 55. Ra7+ Ke8 56. Rg7 Rd1 57. Kxf6 Rf1+ 58. Ke6 d4 59. Ra7 Re1+ 60. Kd6 d3 61. Ra3 d2 62. Ra8+ Kf7 63. Ra7+ Kf6 64. g5+ Kxg5 65. Rg7+ Kf6 66. Rg4 d1Q+ 0-1

[Event "Asia-ch U20"]
[Site "Jamshedpur"]
[Date "2023.09.14"]
[Round "8"]
[White "Vrashank, Chouhan"]
[Black "Singla, Aaryan"]
[Result "1-0"]
[WhiteElo "1985"]
[BlackElo "1798"]
[PlyCount "71"]
[EventDate "2023.09.09"]
[EventType "swiss"]
[EventRounds "9"]
[EventCountry "IND"]
[SourceTitle "EXT 2024"]
[Source "ChessBase"]
[SourceDate "2023.10.10"]
[SourceVersion "1"]
[SourceVersionDate "2023.10.10"]
[SourceQuality "1"]

1. d4 d5 2. Bf4 Nf6 3. e3 c5 4. Nf3 Nc6 5. Nbd2 e6 6. c3 Bd6 7. Bg3 0-0 8. Bd3 b6 9. e4 dxe4 10. Nxe4 Nxe4 11. Bxe4 Bb7 12. Qa4 Na5 13. dxc5 Bxc5 14. Rd1 Qe8 15. Bxh7+ Kxh7 16. Qh4+ Kg8 17. Ng5 Be4 18. Qxe4 f5 19. Qh4 Qg6 20. Rd7 f4 21. Bxf4 Bxf2+ 22. Qxf2 e5 23. Qf3 exf4 24. Qd5+ Kh8 25. 0-0 Rae8 26. Nf7+ Kh7 27. Rxf4 Re1+ 28. Kf2 Qc2+ 29. Qd2 Qxd2+ 30. Rxd2 Re7 31. Ng5+ Kg8 32. Rxf8+ Kxf8 33. Rd8+ Re8 34. Ne6+ Kf7 35. Rxe8 Kxe8 36. Nxg7+ 1-0

[Event "Asia-ch U20"]
[Site "Jamshedpur"]
[Date "2023.09.12"]
[Round "5"]
[White "Daakshin, Arun"]
[Black "Vrashank, Chouhan"]
[Result "1/2-1/2"]
[WhiteElo "2427"]
[BlackElo "1985"]
[PlyCount "60"]
[EventDate "2023.09.09"]
[EventType "swiss"]
[EventRounds "9"]
[EventCountry "IND"]
[SourceTitle "EXT 2024"]
[Source "ChessBase"]
[SourceDate "2023.10.10"]
[SourceVersion "1"]
[SourceVersionDate "2023.10.10"]
[SourceQuality "1"]

1. d4 d5 2. c4 c6 3. Nc3 Nf6 4. e3 Bf5 5. cxd5 cxd5 6. Qb3 Qb6 7. Nxd5 Nxd5 8. Qxd5 Qb4+ 9. Bd2 Qxb2 10. Rc1 Bd7 11. Bb5 Nc6 12. Nf3 e6 13. Qc4 a6 14. Bxc6 Bxc6 15. Ne5 Rc8 16. Rc2 Qb1+ 17. Rc1 Qb2 18. Qe2 Bb4 19. Nd3 Bxd2+ 20. Qxd2 Qxd2+ 21. Kxd2 Ke7 22. f3 Rhd8 23. Rc5 Bb5 24. Rhc1 Rxc5 25. Rxc5 Bxd3 26. Kxd3 Kd6 27. e4 b6 28. Rc2 Rb8 29. a3 Kd7 30. g3 Rb7 1/2-1/2

[Event "Asia-ch Rapid U20"]
[Site "Jamshedpur"]
[Date "2023.09.08"]
[Round "5"]
[White "Rohith, S2222"]
[Black "Vrashank, Chouhan"]
[Result "1-0"]
[WhiteElo "1678"]
[BlackElo "2007"]
[PlyCount "56"]
[EventDate "2023.09.08"]
[EventType "swiss (rapid)"]
[EventRounds "9"]
[EventCountry "IND"]
[SourceTitle "EXT 2024"]
[Source "ChessBase"]
[SourceDate "2023.10.10"]
[SourceVersion "1"]
[SourceVersionDate "2023.10.10"]
[SourceQuality "1"]

1. e4 e6 2. d4 d5 3. Nd2 c5 4. exd5 Qxd5 5. Ngf3 cxd4 6. Bc4 Qd6 7. 0-0 Nf6 8. Nb3 a6 9. Nbxd4 Nc6 10. Nxc6 Qxc6 11. Qe2 Bd6 12. Bg5 Qc7 13. Rad1 Bd7 14. Rfe1 0-0-0 15. Bxa6 Bc6 16. Bb5 Bd5 17. h3 b6 18. Rd3 Kb8 19. Red1 Qc5 20. Bxf6 gxf6 21. Rc3 Qb4 22. Rxd5 exd5 23. Rb3 Qf4 24. g3 Qe4 25. Re3 Qb4 26. c3 Qc5 27. Nd4 Kc7 28. b4 f5 1-0

[Event "IND-ch U15 47th"]
[Site "New Delhi"]
[Date "2022.12.03"]
[Round "9"]
[White "Swayham, P Das"]
[Black "Vrashank, Chouhan"]
[Result "1-0"]
[WhiteElo "1930"]
[BlackElo "2041"]
[PlyCount "75"]
[EventDate "2022.11.28"]
[EventType "swiss"]
[EventRounds "11"]
[EventCountry "IND"]
[SourceTitle "CBM 211 Extra"]
[Source "ChessBase"]
[SourceDate "2023.01.31"]
[SourceVersion "1"]
[SourceVersionDate "2023.01.31"]
[SourceQuality "1"]

1. e4 e6 2. d4 d5 3. Nd2 c5 4. exd5 Qxd5 5. Ngf3 cxd4 6. Bc4 Qd6 7. 0-0 Nf6 8. Nb3 Nc6 9. Nbxd4 Nxd4 10. Nxd4 Be7 11. Re1 0-0 12. c3 Qc7 13. Qe2 Bd7 14. Bb3 Rfd8 15. h3 a5 16. a4 Qb6 17. Bg5 Nd5 18. Bxe7 Nxe7 19. Bc4 Rac8 20. b3 Ng6 21. Rad1 Rc5 22. Qe3 Re5 23. Qg3 Rxe1+ 24. Rxe1 Qc5 25. Re3 Re8 26. Nf3 Bxa4 27. Ng5 Bc6 28. h4 b5 29. Bd3 a4 30. Qc7 Rf8 31. Be4 Ne7 32. b4 Qc4 33. Bxh7+ Kh8 34. Qxe7 Ra8 35. Rg3 a3 36. Nxf7+ Kxh7 37. Rxg7+ Kxg7 38. Ng5+ 1-0

[Event "IND-ch U15 47th"]
[Site "New Delhi"]
[Date "2022.12.03"]
[Round "8"]
[White "Vrashank, Chouhan"]
[Black "Rupesh, Reddy Y"]
[Result "1-0"]
[WhiteElo "2041"]
[BlackElo "1728"]
[PlyCount "109"]
[EventDate "2022.11.28"]
[EventType "swiss"]
[EventRounds "11"]
[EventCountry "IND"]
[SourceTitle "CBM 211 Extra"]
[Source "ChessBase"]
[SourceDate "2023.01.31"]
[SourceVersion "1"]
[SourceVersionDate "2023.01.31"]
[SourceQuality "1"]

1. d4 d5 2. Bf4 Nf6 3. e3 e6 4. Nf3 Bd6 5. Ne5 0-0 6. Nd2 b6 7. Bd3 Bb7 8. Qf3 Nbd7 9. Qh3 Re8 10. Ndf3 Nf8 11. Bb5 Bxe5 12. Nxe5 N6d7 13. Qg3 Qe7 14. Bh6 f6 15. Nxd7 Nxd7 16. Bxg7 Kf7 17. 0-0 Rac8 18. Be2 Nf8 19. Bxf8 Kxf8 20. Bh5 Red8 21. f4 Qg7 22. Qh4 Ke7 23. Rf2 Qh6 24. Rf3 Rg8 25. Rh3 c5 26. c3 cxd4 27. exd4 Rg7 28. Re1 Rcg8 29. Bf3 Qxh4 30. Rxh4 Kd6 31. Rh6 Rf8 32. Kf2 Ba6 33. Re3 Bb5 34. g4 Bd7 35. h4 f5 36. g5 Rff7 37. Bh5 Rf8 38. Rg3 Ke7 39. g6 hxg6 40. Rgxg6 Rxg6 41. Bxg6 Rg8 42. h5 Kf8 43. Kg3 Rg7 44. Kh4 Kg8 45. Kg5 Bc8 46. Kf6 Bd7 47. Ke5 Re7 48. Kd6 Rg7 49. Rh7 Bc8 50. Rxg7+ Kxg7 51. Kc7 Ba6 52. Kb8 Bc4 53. Kxa7 b5 54. Kb6 b4 55. a4 1-0

[Event "Bikaner op 1st"]
[Site "Bikaner"]
[Date "2022.10.09"]
[Round "10"]
[White "Vrashank, Chouhan"]
[Black "Nguyen, Thanh Thuy Tien"]
[Result "1-0"]
[WhiteElo "2107"]
[BlackElo "1910"]
[PlyCount "155"]
[EventDate "2022.10.01"]
[EventType "swiss"]
[EventRounds "10"]
[EventCountry "IND"]
[SourceTitle "CBM 210 Extra"]
[Source "ChessBase"]
[SourceDate "2022.11.30"]
[SourceVersion "1"]
[SourceVersionDate "2022.11.30"]
[SourceQuality "1"]

1. d4 Nf6 2. Bf4 g6 3. Nc3 c5 4. d5 d6 5. e4 Bg7 6. Nf3 0-0 7. a4 Qa5 8. Nd2 Nh5 9. Nc4 Qc7 10. Be3 e5 11. Nb5 Qd8 12. Nbxd6 Na6 13. g3 Nf6 14. h3 Ne8 15. Nxe8 Rxe8 16. Bg2 b6 17. 0-0 Nc7 18. Na3 Ba6 19. Re1 Qd6 20. g4 Rf8 21. c3 Rad8 22. Qd2 f5 23. gxf5 gxf5 24. exf5 Rxf5 25. b4 Rh5 26. Qd1 Qg6 27. Qg4 cxb4 28. cxb4 e4 29. Bxe4 Qxg4+ 30. hxg4 Rh4 31. f3 Bxa1 32. Rxa1 Re8 33. d6 Rxg4+ 34. Kf2 Rexe4 35. fxe4 Ne6 36. Kf3 h5 37. Nb1 Bf1 38. e5 Bg2+ 39. Kf2 h4 40. Nd2 h3 41. Nf3 Rxb4 42. Ng5 Nxg5 43. Bxg5 Rd4 44. Re1 Bc6 45. Kg3 Rd3+ 46. Kh2 Bxa4 47. Bf4 Kf7 48. e6+ Kf6 49. Bg3 Be8 50. Bh4+ Kf5 51. Bg3 Kg4 52. Re4+ Kf5 53. Re2 Kg4 54. Be5 Kf5 55. Bg3 Kg4 56. Re4+ Kf5 57. Re5+ Kg4 58. Re4+ Kf5 59. Re1 Kg4 60. Re4+ Kf5 61. Re2 Kg4 62. Rc2 a5 63. Rc4+ Kf5 64. Rc8 Bb5 65. e7 Bd7 66. e8Q Bxe8 67. Rxe8 a4 68. Ra8 a3 69. Kxh3 Ke6 70. Kg4 b5 71. Re8+ Kd7 72. Re7+ Kc6 73. Be5 b4 74. Ra7 Kb6 75. Ra8 Kc6 76. Kf5 Rd2 77. Ke6 a2 78. d7 1-0

[Event "Bikaner op 1st"]
[Site "Bikaner"]
[Date "2022.10.08"]
[Round "9"]
[White "Dhyey, Agarwal"]
[Black "Vrashank, Chouhan"]
[Result "1-0"]
[WhiteElo "1739"]
[BlackElo "2107"]
[PlyCount "75"]
[EventDate "2022.10.01"]
[EventType "swiss"]
[EventRounds "10"]
[EventCountry "IND"]
[SourceTitle "CBM 210 Extra"]
[Source "ChessBase"]
[SourceDate "2022.11.30"]
[SourceVersion "1"]
[SourceVersionDate "2022.11.30"]
[SourceQuality "1"]

1. c4 e5 2. Nc3 Nf6 3. g3 c6 4. Nf3 e4 5. Nd4 Qb6 6. Nb3 a5 7. d3 a4 8. Nd2 exd3 9. Bg2 d5 10. cxd5 cxd5 11. 0-0 Be6 12. exd3 Qa5 13. Re1 Bc5 14. Nf3 0-0 15. d4 Bd6 16. Bd2 Nbd7 17. a3 Bb8 18. h3 Qa7 19. Rc1 Nb6 20. Ne5 Nc4 21. Nxc4 dxc4 22. Be3 Rd8 23. Qe2 Qa6 24. Bg5 Rxd4 25. Bxf6 gxf6 26. Ne4 Kg7 27. Nc5 Qb6 28. Nxe6+ fxe6 29. Rxc4 Be5 30. Rxd4 Bxd4 31. Qg4+ Kf7 32. Kh1 Rd8 33. Qh5+ Kg8 34. Bd5 Rxd5 35. Qe8+ Kg7 36. Rxe6 Qb5 37. Re7+ Kh6 38. Qf8+ 1-0

[Event "IND-ch U19"]
[Site "Pune"]
[Date "2022.07.17"]
[Round "8"]
[White "Alekhya, Mukhopadhyay"]
[Black "Vrashank, Chouhan"]
[Result "1-0"]
[WhiteElo "2176"]
[BlackElo "1908"]
[PlyCount "95"]
[EventDate "2022.07.12"]
[EventType "swiss"]
[EventRounds "11"]
[EventCountry "IND"]
[SourceTitle "EXT 2023"]
[Source "ChessBase"]
[SourceDate "2022.10.05"]
[SourceVersion "1"]
[SourceVersionDate "2022.10.05"]
[SourceQuality "1"]

1. e4 e6 2. Nf3 d5 3. Nc3 d4 4. Ne2 c5 5. c3 Nf6 6. e5 Nfd7 7. cxd4 cxd4 8. Qa4 Nc6 9. Nexd4 Ndxe5 10. Bb5 Bd7 11. Nxc6 Nxc6 12. Qg4 a6 13. Be2 Qf6 14. d4 Bb4+ 15. Kf1 h6 16. Ne5 Rd8 17. Nxc6 Bxc6 18. Be3 Ba5 19. h4 Bb6 20. Rd1 Rd7 21. Rh3 Rg8 22. Kg1 Bd5 23. b3 Ke7 24. Bf4 Bc7 25. Bc1 Qf5 26. Qxf5 exf5 27. Rc3 g5 28. hxg5 hxg5 29. Bc4 Bb6 30. Rg3 Kf6 31. Be2 Rc7 32. Bf4 Rc2 33. Bc4 Be6 34. Be5+ Ke7 35. Rh3 Bxc4 36. bxc4 Rxc4 37. Rb3 Rg6 38. d5 Bc7 39. d6+ Rxd6 40. Bxd6+ Bxd6 41. Rxb7+ Rc7 42. Rb6 Rd7 43. Re1+ Kf6 44. Rxa6 g4 45. Kf1 f4 46. a4 g3 47. fxg3 fxg3 48. Rd1 1-0